Šunčaki : šerij kitobčalar tŭplami /
Soubor poezie uzbeckého novináře, básníka a spisovatele Hamida Ismailova, který byl v roce 1992 nedobrovolně přinucen opustit svou rodnou zemi a uchýlit se do azylu ve Velké Británii.
Uloženo v:
| Hlavní autor: | |
|---|---|
| Médium: | E-kniha |
| Jazyk: | Uzbek |
| Vydáno: |
Praga :
Praga šachar kutubchonasi tomonidan našr etilgan,
2026
|
| Vydání: | MKPning 1-elektron našri |
| Témata: | |
| On-line přístup: | Odkaz na plný text Plný text Obálka |
| Tagy: |
Žádné tagy |
| LEADER | 02148nam a2200337 i 4500 | ||
|---|---|---|---|
| 001 | 5243855 | ||
| 003 | CZ-PrMKP | ||
| 005 | 20260603150644.6 | ||
| 007 | ta | ||
| 008 | 260519s2026----xr-----go-----000-p-uzb-- | ||
| 020 | |a 978-80-274-5046-6 |q (online ; |q pdf) | ||
| 040 | |a ABG001 |b cze |e rda | ||
| 072 | 7 | |a 821.51 |x Uraloaltajské literatury |2 Konspekt |9 25 | |
| 080 | |a 821.512.133-1 |2 MRF_2003 | ||
| 080 | |a (0:82-1) |2 MRF_2003 | ||
| 100 | 1 | |a Ismailov, Hamid, |d 1954- |7 mzk20231183388 |4 aut | |
| 245 | 1 | 0 | |a Šunčaki : |b šerij kitobčalar tŭplami / |c Abdulchamid Ismoil |
| 250 | |a MKPning 1-elektron našri | ||
| 264 | 1 | |a Praga : |b Praga šachar kutubchonasi tomonidan našr etilgan, |c 2026 | |
| 300 | |a 1 online zdroj (540 stran) ; | ||
| 336 | |a text |b txt |2 rdacontent | ||
| 337 | |a počítač |b c |2 rdamedia | ||
| 338 | |a online zdroj |b cr |2 rdacarrier | ||
| 520 | 2 | |a Soubor poezie uzbeckého novináře, básníka a spisovatele Hamida Ismailova, který byl v roce 1992 nedobrovolně přinucen opustit svou rodnou zemi a uchýlit se do azylu ve Velké Británii. |b V úvodním slově Hamid Ismailov podotýká, že všechny básně obsažené v tomto rozsáhlém souboru vznikaly spontánně ve chvílích náhlého vnitřního hnutí. Byly většinou zaznamenány na okraj autorových románů, novel nebo povídek. I proto název této knihy zní „Prostě“. Jednotlivé básně se nejprve objevily v různých brožurách. Autor je ponechal v jejich původním znění, neboť se domnívá, že i dnes mohou působit svými zamyšleními, touhami a jakousi mlhavou či zastřenou melancholií. Jsou to zároveň i básně, které jsou odrazem básníkova rozrušení či pnutí a nesou v sobě často znepokojivé duchovní zážitky... | |
| 655 | 7 | |a uzbecká poezie |7 fd563181 |2 czenas | |
| 655 | 9 | |a Uzbek poetry |2 eczenas | |
| 710 | 2 | |a Městská knihovna (Praha, Česko) |7 kn20010709068 |4 pbl | |
| 856 | 4 | 1 | |u http://search.mlp.cz/searchMKP.jsp?action=sTitul&key=5243855 |y Odkaz na plný text |
| 856 | 4 | 1 | |q pdf |u https://web2.mlp.cz/koweb/00/05/24/38/55/shunchaki.pdf |y Plný text |
| 856 | 4 | 1 | |u https://web2.mlp.cz/koweb/00/05/24/38/55.jpg |y Obálka |
| 910 | |a ABG001 | ||